000 00676nam a22001935i 4500
001 168914
003 ES-MaACL
005 20230906213927.0
008 080624q1860 fr |||| | fre d
080 _a782.089.7
100 1 _aAuber, Daniel-François-Esprit.
_923789
245 1 3 _aLe cheval de bronze [
_hMúsica impresa]
_b: opéra-comique en trois actes /
_cmusique de Auber.
260 _aParis :
_bE. Troupenas et Cie.,
_c[ca. 1860]
300 _a1 partitura vocal ( 238 p.) ;
_c28 cm.
650 4 _aÓperas-
_xPartituras vocales.
_9137997
852 4 _aES-MaACL
_jL-29320
_z- Biblioteca Jacinto Martínez Lacalle
942 _2udc
999 _c168914
_d168914